Shiksha danar padhati aru kausal (Record no. 1732)

MARC details
000 -LEADER
fixed length control field 00541cam a2200205ua 4500
001 - CONTROL NUMBER
control field 1851
005 - DATE AND TIME OF LATEST TRANSACTION
control field 20260515113417.0
008 - FIXED-LENGTH DATA ELEMENTS--GENERAL INFORMATION
fixed length control field 110811n ii |||gr||||Z||||||asm
020 ## - INTERNATIONAL STANDARD BOOK NUMBER
International Standard Book Number 81-7339-108-4
040 ## - CATALOGING SOURCE
Transcribing agency MAIN
082 ## - DEWEY DECIMAL CLASSIFICATION NUMBER
Classification number 371.3
100 ## - MAIN ENTRY--PERSONAL NAME
Personal name Goswami, Rajani Kanta,
Relator term Author.
245 1# - TITLE STATEMENT
Title Shiksha danar padhati aru kausal
Statement of responsibility, etc. by Rajani Kanta Goswami
250 ## - EDITION STATEMENT
Edition statement 1st.
260 ## - PUBLICATION, DISTRIBUTION, ETC.
Place of publication, distribution, etc. Dibrugarh:
Name of publisher, distributor, etc. Banalata,995.
Place of publication, distribution, etc. Guahati:
300 ## - PHYSICAL DESCRIPTION
Extent 183p:
Dimensions 23cm.
653 ## - INDEX TERM--UNCONTROLLED
Uncontrolled term Education
653 ## - INDEX TERM--UNCONTROLLED
Uncontrolled term Shiksha danar padhati aru kausal
942 ## - ADDED ENTRY ELEMENTS (KOHA)
Koha item type Books
Holdings
Withdrawn status Lost status Damaged status Not for loan Home library Current library Shelving location Date acquired Total checkouts Full call number Barcode Date last seen Date last checked out Copy number Price effective from Koha item type
        Naharkatiya College Library Naharkatiya College Library General stacks 09/19/2020 1 371.3 | GOS 11648 08/26/2021 08/09/2021 1 09/19/2020 Books
        Naharkatiya College Library Naharkatiya College Library General stacks 09/19/2020 1 371.3 | GOS 11653 08/28/2021 08/11/2021 2 09/19/2020 Books
        Naharkatiya College Library Naharkatiya College Library General stacks 09/19/2020   371.3 | GOS 11654 09/19/2020   3 09/19/2020 Books